Alle Pflanzen-Pokemon - Statistiken

Allgemein
  • Dieses Quiz wurde 405 mal gespielt
    160 seit der letzten Aktualisierung
  • Das Durchschnittsergebnis liegt bei 68 aus 127
Antwortstatistiken
Pokedex-Nummer Pokemon 2. Typ % Korrekt
003 Bisaflor Gift
100%
002 Bisaknosp Gift
100%
001 Bisasam Gift
100%
045 Giflor Gift
92%
044 Duflor Gift
91%
043 Myrapla Gift
91%
069 Knofensa Gift
86%
387 Chelast
85%
152 Endivie
85%
252 Geckarbor
85%
071 Sarzenia Gift
85%
070 Ultrigaria Gift
85%
254 Gewaldro
83%
154 Meganie
82%
153 Lorblatt
80%
253 Reptain
80%
389 Chelterrar Boden
77%
046 Paras Käfer
77%
047 Parasek Käfer
77%
251 Celebi Psycho
74%
272 Kappalores Wasser
74%
103 Kokowei Psycho
74%
270 Loturzel Wasser
74%
102 Owei Psycho
74%
189 Papungha Flug
74%
495 Serpifeu
74%
274 Blanas Unlicht
73%
187 Hoppspross Flug
73%
273 Samurzel
73%
275 Tengulist Unlicht
73%
271 Lombrero Wasser
71%
114 Tangela
71%
722 Bauz Flug
70%
388 Chelcarain
70%
188 Hubelupf Flug
70%
497 Serpiroyal
70%
357 Tropius Flug
70%
406 Knospi Gift
65%
460 Rexblisar Eis
65%
315 Roselia Gift
65%
709 Trombork Geist
65%
182 Blubella
64%
496 Efoserp
64%
286 Kapilz Kampf
64%
332 Noktuska Unlicht
64%
470 Folipurba
62%
285 Knilz
62%
459 Shnebedeck Eis
62%
724 Silvarro Geist
62%
331 Tuska
62%
650 Igamaro
61%
345 Liliep Gestein
61%
407 Roserade Gift
61%
465 Tangoloss
61%
652 Brigaron Kampf
59%
492 Shaymin
59%
512 Vegichita
59%
511 Vegimak
59%
192 Sonnflora
58%
640 Viridium Kampf
58%
346 Wielie Gestein
58%
191 Sonnkern
56%
711 Pumpdjinn Geist
55%
598 Tentantel Stahl
55%
651 Igastarnish
53%
723 Arboretoss Flug
50%
413 Burmadame Käfer
50%
812 Gortrom
50%
710 Irrbis Geist
50%
597 Kastadur Stahl
50%
586 Kronjuwild Normal
50%
542 Matrifol Käfer
50%
708 Paragoni Geist
50%
540 Strawickl Käfer
50%
810 Chimpep
48%
547 Elfun Fee
48%
906 Felori
48%
585 Sesokitz Normal
48%
673 Chevrumm
45%
811 Chimstix
45%
841 Drapfel Drache
45%
420 Kikugi
45%
672 Mähikel
45%
546 Waumboll Fee
45%
591 Hutsassa Gift
44%
421 Kinoso
44%
590 Tarnpignon Gift
44%
455 Venuflibis
44%
840 Knapfel Drache
42%
908 Maskagato Unlicht
42%
842 Schlapfel Drache
42%
549 Dressella
41%
541 Folikon Käfer
41%
548 Lilminip
41%
907 Feliospa
36%
798 Katagami Stahl
36%
756 Lamellux Fee
36%
755 Bubungus Fee
33%
762 Frubaila
33%
761 Frubberl
33%
754 Mantidea
33%
556 Maracamba
33%
781 Moruda Geist
33%
763 Fruyal
32%
753 Imantis
30%
893 Zarude Unlicht
27%
829 Cottini
26%
830 Cottomi
26%
787 Kapu-Toro Fee
26%
928 Olini Normal
26%
1019 Hydrapfel Drache
24%
1011 Sirapfel Drache
24%
951 Chilingel
21%
952 Halupenjo Feuer
21%
930 Olithena Normal
21%
898 Coronospa Psycho
20%
1017 Ogerpon
20%
1010 Eisenblatt Psycho
18%
948 Tentagra Boden
18%
949 Tenterra Boden
18%
946 Weherba Geist
18%
947 Horrerba Geist
15%
1013 Fatalitcha Geist
14%
1012 Mortcha Geist
14%
929 Olivinio Normal
14%
986 Wutpilz Unlicht
14%
1001 Chongjian Unlicht
8%
Keine übereinstimmenden Quizze gefunden
Verteilung der Resultate
Anzahl Personen mit jedem Resultat
Perzentil nach korrekt beantworteten Fragen
Ihre Resultats-Entwicklung
Sie haben dieses Quiz seit der letzten Aktualisierung nicht gespielt